000 00951nam a2200253 a 4500
001 BRCA_6616
005 20190320205528.0
008 081010c1964----ag-af#####---#000-0#spa-#
041 _aspa
044 _aag
050 4 _aND553
_b.P56 106 1964
245 1 0 _aCosmè Tura
_cmonografía por Eugenio Riccomini ; traducción por María Esther Benítez Eiroa ; el juicio del siglo XX, por María Inés Rivera.
260 _aArgentina
_bCodex
_c[1964]
300 _a1 v. (sin paginación)
_bil., 16 láminas a color
_c36 cm.
440 0 _aPinacoteca de los genios : la más grandiosa colección de arte del mundo
_v106
_916555
500 _aIncluye índice de ilustraciones
500 _aDonación Dra. Elsa Barberena
600 1 4 _aCosmè Tura
_d1430-1495
_qCosimo Tura
_916556
700 1 _aRiccomini, Eugenio
_916557
700 1 _aRivera, María Inés
_916558
700 1 _aBenítez Eiroa, María Esther
_etr.
_916559
902 _aDEB
942 _2lcc
_cB
999 _c6300
_d6300